Kate Hudson Filmography - Statistics

General Stats
  • This quiz has been taken 122 times
    14 since last reset
  • The average score is 18 of 86
Answer Stats
Type Year Name % Correct
Film 2009 Bride Wars
92%
Film 2003 How to Lose a Guy in 10 Days
92%
Film 2000 Almost Famous
77%
TV Show 2000 Saturday Night Live
69%
Film 2025 Song Sung Blue
69%
Film 2008 Fool's Gold
62%
Film 2003 Le Divorce
46%
Film 2004 Raising Helen
46%
Film 2011 Something Borrowed
46%
Film 2005 The Skeleton Key
46%
Film 2003 Alex & Emma
38%
Film 2016 Deepwater Horizon
38%
Film 2022 Glass Onion
38%
TV Show 2012-2013 Glee
38%
Film 2016 Kung Fu Panda 3
38%
Film 2016 Mother's Day
38%
Film 2021 Music
38%
Film 2024 Shell
38%
Film 2002 The Four Feathers
38%
Film 2006 You, Me and Dupree
38%
Film 2011 A Little Bit of Heaven
31%
Film 2000 Gossip
31%
Film 2017 Marshall
31%
Film 2008 My Best Friend's Girl
31%
Film 2015 Rock the Kasbah
31%
Web Series 2025 Running Point
31%
Film 1999 200 Cigarettes
23%
Film 2000 About Adam
23%
Film 2023 A Little White Lie
23%
Film 1998 Desert Blue
23%
Film 2000 Dr. T & the Women
23%
Film 2014 Good People
23%
Film 2021 Mona Lisa and the Blood Moon
23%
Film 2009 Nine
23%
TV Show 1996 Party of Five
23%
Film 2001 Ricochet River
23%
Film 2010 The Killer Inside Me
23%
Film 2013 The Reluctant Fundamentalist
23%
Film 2014 Wish I Was Here
23%
TV Film 2013 Clear History
15%
TV Show 1997 EZ Streets
15%
Documentary Series 2022 Gutsy
15%
TV Documentary 2005 I'm Still Here: Real Diaries of Young People Who Lived During the Holocaust
15%
TV Show 2015 Jamie & Jimmy's Friday Night
15%
TV Show 2015 Running Wild with Bear Grylls
15%
TV Show 2024-2025 The Voice
15%
Web Series 2021 Truth Be Told
15%
Music Video 2025 2001
8%
TV Special 2024 American Music Awards 50th Anniversary Special
8%
Short Film 2019 A Story Takes Flight
8%
TV Show 2022 Celebrity IOU
8%
Director 2007 Cutlass
8%
TV Show 2022, 2024 El hormiguero
8%
Documentary Series 2019 Explained
8%
Web Series 2020 Gone Mental with Lior
8%
Web Series 2020 Martha Knows Best
8%
Short Film 2015 Panda Paws
8%
TV Show 2018 Taskmaster
8%
TV Show 2022 That's My Jam
8%
TV Special 2022 The Big Fat Quiz of the Year
8%
Short Film 2001 The Cutting Room
8%
TV Documentary 2020 The Happy Days of Garry Marshall
8%
TV Show 2022 The Masked Singer
8%
Documentary Series 2005 60 Minutes
0%
Commercial 2011-2013 Almay
0%
TV Show 2008, 2016 Ant & Dec's Saturday Night Takeaway
0%
Documentary Series 2008 Biography
0%
TV Show 2016 Blue Peter
0%
Documentary Series 2003 Diary
0%
Documentary Series 2008 E! True Hollywood Story
0%
Commercial 2014-2019 Fabletics
0%
Documentary Series 2005, 2008 Getaway
0%
TV Special 2017 Hand in Hand: A Benefit for Hurricane Relief
0%
TV Special 2007 Movies Rock
0%
Documentary Series 2003 Primetime
0%
Podcast 2019-Present Sibling Revelry Podcast
0%
Award Show 2003 The 75th Annual Academy Awards
0%
Documentary 2016 The First Monday in May
0%
Documentary Series 2005 The Greatest
0%
Short Film 2009 The Perfect White Dress
0%
TV Special 2008 The Victoria's Secret Fashion Show
0%
Music Video 2020 Together
0%
Commercial 1997 Tommy Jeans
0%
TV Show 2005, 2006 Total Request Live
0%
TV Show 2005, 2006 TRL Italy
0%
TV Special 2005 Tsunami Aid: A Concert of Hope
0%
No matching quizzes found
Score Distribution
Percent of People with Each Score
Percentile by Number Answered
Your Score History
You have not taken this quiz since the last reset